| 000 | 00768nam a2200289 a 4500 | ||
|---|---|---|---|
| 001 | 36858 | ||
| 003 | AR-BaAGN | ||
| 005 | 20231116150659.0 | ||
| 007 | ta | ||
| 008 | 220625s2015 ag |||||r|||| ||||||spa d | ||
| 020 | _a9789873805066 | ||
| 040 |
_dAR-BaAGN _eaacr _bspa _aAR-BaAGN |
||
| 100 | 1 | _aPonce, Anibal | |
| 245 | 1 | 0 | _aEducación y lucha de clases; escritos |
| 250 | _a1ª ed. | ||
| 260 |
_aGonnet : _bUNIPE: Editorial Universitaria, _c2015. |
||
| 300 | _a208 páginas | ||
| 336 |
_2rdacontent _btxt |
||
| 337 |
_2rdamedia _bn |
||
| 338 |
_2rdacarrier _bnc |
||
| 650 | 4 |
_aHISTORIA DE LA EDUCACIÓN _9418 |
|
| 650 | 4 |
_aPEDAGOGÍA _95376 |
|
| 700 | 1 | _aArata, Nicolás | |
| 700 | 1 |
_aGentili, Pablo, _d1963- _92711 |
|
| 942 |
_cLIBRO _n0 |
||
| 999 |
_c36858 _d36858 |
||